Diseño de un puente en arco de paso intermedio con dos vías de tránsito y sesenta metros de claro, de concreto armado

Shranjeno v:
Bibliografske podrobnosti
Glavni avtor: Malo Saldana, Alfonso
Format: Neznan
Izdano: [San José, Costa Rica] 1960
Teme:
Oznake: Označite
Brez oznak, prvi označite!

MARC

LEADER 00000 a2200000 4500
003 011083
005 20221231143805.0
008 140114s1960 c a m 000 ||s d
040 |c cru CEDI 
090 |a TFG 119-75 
100 |a Malo Saldana, Alfonso  |9 17290 
245 |a Diseño de un puente en arco de paso intermedio con dos vías de tránsito y sesenta metros de claro, de concreto armado 
260 |c 1960  |a [San José, Costa Rica] 
300 |a  39 hojas, gráficos ; 29 cm  
500 |a  Tesis (Ingeniero Civil) Universidad de Costa Rica. 
650 |x PUENTES   |x ARMADURAS (CONSTRUCCION)  |9 17291 
942 |c TFG 
999 |c 12015  |d 12015